[Event "Haarlem BDO-B"]
[Site "Haarlem"]
[Date "2008.08.10"]
[Round "2"]
[White "Lathouwers, Rob"]
[Black "Polak, Indra"]
[Result "1-0"]
[WhiteElo "2214"]
[BlackElo "2172"]
[PlyCount "83"]
[EventDate "2008.08.09"]
[EventType "tourn"]
[EventRounds "9"]
[EventCountry "NED"]
[SourceTitle "CBM 125 Extra"]
[Source "ChessBase"]
[SourceDate "2008.09.01"]
[SourceVersion "1"]
[SourceVersionDate "2008.09.01"]
[SourceQuality "1"]

1. d4 Nf6 2. c4 g6 3. Nc3 d5 4. Nf3 Bg7 5. cxd5 Nxd5 6. Qb3 Nb6 7. e4 Bg4 8. d5 0-0 9. Be2 c6 10. Be3 cxd5 11. exd5 N8d7 12. 0-0 Nc8 13. Qb4 Bxf3 14. Bxf3 Nd6 15. Rac1 b5 16. Rfe1 a5 17. Qh4 Ne5 18. Be2 b4 19. Na4 Nf5 20. Qe4 Nxe3 21. Qxe3 Qd6 22. f4 Nd7 23. Bf3 Rfe8 24. Rc6 Qb8 25. Rec1 Qb5 26. b3 Rad8 27. Kh1 Nf6 28. Nb6 e6 29. dxe6 fxe6 30. Rxe6 Rxe6 31. Qxe6+ Kh8 32. Nc4 Qc5 33. Qe1 Re8 34. Qd1 Qf5 35. Nd6 Qe6 36. Nxe8 Qxe8 37. Rc5 h6 38. Rxa5 Qe3 39. f5 gxf5 40. Rxf5 Ne4 41. Bxe4 Qxe4 42. Rf1 1-0